Statistics for General Knowledge Quiz #197

Click here to take the quiz!

General Stats

  • This quiz has been taken 34,506 times
  • The average score is 11 of 20

Answer Stats

QuestionAnswer% Correct
What does the red circle on the Japanese flag represent?The Sun
83%
What tendon connects the heel to the calf?Achilles Tendon
82%
What country is known poetically as Erin?Ireland
70%
Who was the most recent U.S. President to not finish his entire term?Richard Nixon
70%
Which animal comes first alphabetically?Aardvark
68%
What country are the Galapagos Islands part of?Ecuador
67%
What was the first name of former Russian President Yeltsin?Boris
66%
In the song from "The Wizard of Oz", what two words come before
"The Witch is Dead"?
Ding Dong
61%
What language from the TV show "Star Trek" has a couple dozen fluent speakers?Klingon
59%
What is the capital of Quebec?Quebec City
58%
Where would you find the amygdala?In the Brain
56%
What actor requested a purple lightsaber for his character in "Star Wars: Episode II"?Samuel L. Jackson
52%
What singer wanted to party like it's 1999?Prince
45%
Since 1980, only two countries outside of Africa have been affected by famine.
Name either.
North Korea / Yemen
43%
What subject was studied by Gauss, Fermat, and Poincaré?Mathematics
40%
What legendary animal, a cross between a serpent and a rooster, can cause
death with a single glance?
Basilisk
35%
What lies just north of the Sahel?The Sahara
33%
What is a common word that means "hirsute"?Hairy
30%
What is it called when a speculator buys nearly the entire supply of a commodity,
causing prices to skyrocket?
{Corner}ing the Market
20%
What would you buy at an automat?Food
18%

Score Distribution

Percentile by Number Answered

Percent of People with Each Score

Your Score History

You have not taken this quiz